Horské slnko

Bibliographic Details
Main Author: Ďurianová, Jitka, 1931- (Author)
Format: Article
Language:Slovak
Subjects:

MARC

LEADER 00000nab a2200000 a 4500
001 vtls000400422
003 SK-MaSNL
005 20260304172043.0
008 220422c1990 xo 0 slo
015 |a SNBRB19rr/mm-uuuuu 
035 |a CL0400546 
040 |a SNKBUCL  |b slo  |c SNKBUCL  |e AACR2 
041 0 |a slo 
044 |a xo  |c SK 
080 |a 615.831:613.165  |2 1981 
080 |a 613.165  |2 1981 
100 1 |a Ďurianová, Jitka,  |d 1931-  |4 aut  |9 596409 
245 1 0 |a Horské slnko  |c Jitka Ďurianová 
650 0 7 |a balneoterapia  |2 snkbucl  |9 1141 
650 0 7 |a ultrafialové žiarenie  |2 snkbucl  |9 20951 
655 7 |a články z novín a časopisov  |2 snkbucl  |9 267496 
773 0 |t Slovenské kúpele  |g Roč. 32, č. 3 (1990), s. 13 
850 |a Slovenská národná knižnica v Martine  |a MTA001 
852 |a SNK  |b KIS3GCP 
958 |a RK 
958 |a ME 
992 |a RBX 
999 |c 2996331  |d 2998261